Analyzing Pakistan's fiscal policy through tax smoothing hypothesis/ (Record no. 331448)
[ view plain ]
| 000 -LEADER | |
|---|---|
| fixed length control field | 00589nam a22001937a 4500 |
| 003 - CONTROL NUMBER IDENTIFIER | |
| control field | NUST |
| 005 - DATE AND TIME OF LATEST TRANSACTION | |
| control field | 20250220114537.0 |
| 008 - FIXED-LENGTH DATA ELEMENTS--GENERAL INFORMATION | |
| fixed length control field | 170928b xxu||||| |||| 00| 0 eng d |
| 040 ## - CATALOGING SOURCE | |
| Transcribing agency | NUST |
| 082 ## - DEWEY DECIMAL CLASSIFICATION NUMBER | |
| Classification number | 200 |
| 100 ## - MAIN ENTRY--PERSONAL NAME | |
| Personal name | Ahmad,Hamza |
| 9 (RLIN) | 5083 |
| 245 ## - TITLE STATEMENT | |
| Title | Analyzing Pakistan's fiscal policy through tax smoothing hypothesis/ |
| Statement of responsibility, etc. | Hamza Ahmad, |
| 260 ## - PUBLICATION, DISTRIBUTION, ETC. | |
| Place of publication, distribution, etc. | Islamabad; |
| Date of publication, distribution, etc. | 2014. |
| Name of publisher, distributor, etc. | S3H NUST; |
| 300 ## - PHYSICAL DESCRIPTION | |
| Extent | 39p |
| 600 ## - SUBJECT ADDED ENTRY--PERSONAL NAME | |
| General subdivision | MS- Economics |
| 9 (RLIN) | 127866 |
| 700 ## - ADDED ENTRY--PERSONAL NAME | |
| Personal name | Supervisor: Dr. Ather Maqsood Ahmed |
| 9 (RLIN) | 127874 |
| 856 ## - ELECTRONIC LOCATION AND ACCESS | |
| Uniform Resource Identifier | <a href="http://10.250.8.41:8080/xmlui/handle/123456789/30273">http://10.250.8.41:8080/xmlui/handle/123456789/30273</a> |
| 942 ## - ADDED ENTRY ELEMENTS (KOHA) | |
| Source of classification or shelving scheme | |
| Koha item type | Soft Copy |
| Withdrawn status | Lost status | Source of classification or shelving scheme | Damaged status | Not for loan | Collection code | Permanent Location | Current Location | Shelving location | Date acquired | Total Checkouts | Full call number | Barcode | Date last seen | Price effective from | Koha item type |
|---|---|---|---|---|---|---|---|---|---|---|---|---|---|---|---|
| Central Library (CL) | Central Library (CL) | Thesis | 09/28/2017 | 330 MSEco | S3H-T-160 | 09/28/2017 | 09/28/2017 | Thesis | |||||||
| Central Library (CL) | Central Library (CL) | Thesis | 02/14/2020 | 330 | CL-T-5118 | 02/14/2020 | 02/14/2020 | Thesis |
